MARC

LEADER 00000nas a2200000 a 4500
001 ssj0037678
003 WaSeSS
005 20200512172242.0
006 m d
007 cr n
008 050308c20059999azumr p s 0 0eng c
010 |a  2005267535 
016 7 |a 013479736  |2 Uk 
019 |a 1052696934  |a 1058454966 
022 |y 0039-7431 
035 |a (WaSeSS)ssj0037678 
037 |b Swimming World Magazine, Publishing, Circulation, and Accounting Office, P.O. Box 20337, Sedona, AZ 86341  |c $25.95 (print + online) 
040 |a GO3  |b eng  |c GO3  |d SFR  |d EEM  |d IUL  |d MUQ  |d OCL  |d IUL  |d CUS  |d UKMGB  |d OCLCQ  |d OCLCF  |d GUA  |d AU@  |d WaSeSS 
042 |a pcc 
050 1 4 |a GV837  |b .S94 
245 0 0 |a Swimming world magazine  |h [electronic resource]. 
246 3 0 |a Swimming world 
246 1 7 |a SwimmingWorld 
246 1 3 |a SW 
260 |a Sedona, AZ :  |b Swimming World Magazine,  |c 2005- 
310 |a Monthly 
362 0 |a Vol. 46, no. 3 (Mar. 2005)- 
500 |a Title from cover. 
506 |a License restrictions may limit access. 
550 |a Official magazine of American Swimming Coaches Association, National Interscholastic Swimming Coaches Association of America, Swimmers of America. 
580 |a Merger of the print editions of: Swimming world and junior swimmer (1965); Swim magazine; and: Swimming technique (El Segundo, Calif.). 
588 |a Latest issue consulted: Vol. 56, no. 9 (Sept. 2015). 
650 0 |a Swimming  |v Periodicals. 
650 6 |a Natation  |v Périodiques. 
650 7 |a Swimming.  |2 fast  |0 (OCoLC)fst01140328 
655 0 |a Electronic journals. 
710 2 |a American Swimming Coaches Association. 
710 2 |a National Interscholastic Swimming Coaches Association. 
710 2 |a Swimmers of America. 
780 1 4 |t Swimming world and junior swimmer (1965)  |x 0039-7431  |w (DLC)sf 82007047  |w (OCoLC)3794698 
780 1 4 |t Swim magazine  |x 1082-8486  |w (DLC)sn 95001864  |w (OCoLC)32594908 
780 1 4 |t Swimming technique (El Segundo, Calif.)  |w (DLC)sn 98034654  |w (OCoLC)36503505 
856 4 0 |z Full text available from Research Library: 03/01/2005 to 06/30/2006  |u https://search.proquest.com/publication/28480